Círculo Católico de Badalona : reglamento general : con aprovación de la Autoridad eclesiástica reglamento general :
Descripción Física:
14 p. ; 20 cm
MARC
| LEADER | 00000nam a2200000Ia 4500 | ||
|---|---|---|---|
| 001 | 19312 | ||
| 008 | 160829s1879 xx 000 0 cat d | ||
| 080 | |a 2368, exp. 12 | ||
| 100 | |a Círculo Católico de Badalona |9 48349 | ||
| 245 | |a Círculo Católico de Badalona : |b reglamento general : |b con aprovación de la Autoridad eclesiástica | ||
| 260 | |a Barcelona : |b Tipografía Católica, |c 1879 | ||
| 300 | |a 14 p. ; |c 20 cm | ||
| 650 | |a Círculo Católico de Badalona |x Reglaments |9 48350 | ||
| 901 | |a Arxiu | ||
| 942 | |n 1 | ||
| 952 | |0 0 |1 0 |4 0 |6 2368_EXP_12 |7 1 |9 54486 |a Arxiu |b Arxiu |d 2016-12-01 |l 0 |o 2368, exp. 12 |p 19312 |r 2016-12-01 00:00:00 |w 2016-12-01 |y ARXIU | ||
| 999 | |c 58355 |d 58355 | ||